Universal Human Rights in a World of Difference / (Record no. 11292)
[ view plain ]
| 000 -LEADER | |
|---|---|
| fixed length control field | 02083cam a2200373 a 4500 |
| 001 - CONTROL NUMBER | |
| control field | 15116955 |
| 005 - DATE AND TIME OF LATEST TRANSACTION | |
| control field | 20160724095204.0 |
| 008 - FIXED-LENGTH DATA ELEMENTS--GENERAL INFORMATION | |
| fixed length control field | 071218s2008 enka b 001 0 eng |
| 010 ## - LIBRARY OF CONGRESS CONTROL NUMBER | |
| LC control number | 2007051567 |
| 015 ## - NATIONAL BIBLIOGRAPHY NUMBER | |
| National bibliography number | GBA808753 |
| Source | bnb |
| 016 7# - NATIONAL BIBLIOGRAPHIC AGENCY CONTROL NUMBER | |
| Record control number | 014500126 |
| Source | Uk |
| 020 ## - INTERNATIONAL STANDARD BOOK NUMBER | |
| International Standard Book Number | 9780521881265 (hbk.) |
| 020 ## - INTERNATIONAL STANDARD BOOK NUMBER | |
| International Standard Book Number | 0521881269 (hbk.) |
| 020 ## - INTERNATIONAL STANDARD BOOK NUMBER | |
| International Standard Book Number | 9780521707558 (pbk.) |
| 020 ## - INTERNATIONAL STANDARD BOOK NUMBER | |
| International Standard Book Number | 0521707552 (pbk.) |
| 035 ## - SYSTEM CONTROL NUMBER | |
| System control number | (OCoLC)ocn174449783 |
| 035 ## - SYSTEM CONTROL NUMBER | |
| System control number | (OCoLC)174449783 |
| 040 ## - CATALOGING SOURCE | |
| Original cataloging agency | DLC |
| Transcribing agency | DLC |
| Modifying agency | DLC |
| 050 00 - LIBRARY OF CONGRESS CALL NUMBER | |
| Classification number | JC571 |
| Item number | .A134 2008 |
| 082 00 - DEWEY DECIMAL CLASSIFICATION NUMBER | |
| Classification number | 323 |
| Edition number | 22 |
| Item number | ACK |
| 100 1# - MAIN ENTRY--PERSONAL NAME | |
| Personal name | Ackerly, Brooke A. |
| 9 (RLIN) | 3632 |
| 245 10 - TITLE STATEMENT | |
| Title | Universal Human Rights in a World of Difference / |
| Statement of responsibility, etc | Brooke A. Ackerly. |
| 260 ## - PUBLICATION, DISTRIBUTION, ETC. (IMPRINT) | |
| Place of publication, distribution, etc | Cambridge, U.K. ; |
| -- | New York : |
| Name of publisher, distributor, etc | Cambridge University Press, |
| Date of publication, distribution, etc | 2008. |
| 300 ## - PHYSICAL DESCRIPTION | |
| Extent | xiii, 373 p. : |
| Other physical details | ill. ; |
| Dimensions | 24 cm. |
| 504 ## - BIBLIOGRAPHY, ETC. NOTE | |
| Bibliography, etc | Includes bibliographical references (p. 316-359) and index. |
| 505 2# - FORMATTED CONTENTS NOTE | |
| Formatted contents note | Universal human rights in a world of difference: challenging our thinking -- Universal human rights? -- Universalism and differences -- Immanent and universal human rights: more legitimate than reasonable -- Feminist curb cutting: a methodology for exposing silences and revealing differences for the immanent study of universal human rights -- Listening to the silent voices, hearing dissonance: a methodology for interpretation and analysis -- An immanent and universal theory of human rights -- Terrain(s) of difficulty: obligation, problem-solving, and trust -- Feminist strategies -- "If I can make a circle". |
| 650 #0 - SUBJECT ADDED ENTRY--TOPICAL TERM | |
| Topical term or geographic name as entry element | Feminist theory. |
| 9 (RLIN) | 3634 |
| 650 #0 - SUBJECT ADDED ENTRY--TOPICAL TERM | |
| 9 (RLIN) | 3633 |
| Topical term or geographic name as entry element | Human rights |
| 856 42 - ELECTRONIC LOCATION AND ACCESS | |
| Materials specified | Contributor biographical information |
| Uniform Resource Identifier | <a href="http://www.loc.gov/catdir/enhancements/fy0806/2007051567-b.html">http://www.loc.gov/catdir/enhancements/fy0806/2007051567-b.html</a> |
| 856 42 - ELECTRONIC LOCATION AND ACCESS | |
| Materials specified | Publisher description |
| Uniform Resource Identifier | <a href="http://www.loc.gov/catdir/enhancements/fy0806/2007051567-d.html">http://www.loc.gov/catdir/enhancements/fy0806/2007051567-d.html</a> |
| 856 41 - ELECTRONIC LOCATION AND ACCESS | |
| Materials specified | Table of contents only |
| Uniform Resource Identifier | <a href="http://www.loc.gov/catdir/enhancements/fy0806/2007051567-t.html">http://www.loc.gov/catdir/enhancements/fy0806/2007051567-t.html</a> |
| 942 ## - ADDED ENTRY ELEMENTS (KOHA) | |
| Source of classification or shelving scheme | Dewey Decimal Classification |
| Item type | Book - Borrowing |
| Withdrawn status | Item status | Source of classification or shelving scheme | Damaged status | Not for loan | Vendor | Home library | Current library | Shelving location | Date acquired | Source of acquisition | Cost, normal purchase price | Serial Enumeration / chronology | Total Checkouts | Total Renewals | Full call number | Barcode | Date last seen | Date last borrowed | Koha item type |
|---|---|---|---|---|---|---|---|---|---|---|---|---|---|---|---|---|---|---|---|
| Dewey Decimal Classification | Baccah | Central Library | Central Library | First floor | 13/04/2009 | 208.00 | 6994 | 12 | 79 | 323 ACK | 000015889 | 15/07/2025 | 19/04/2017 | Book - Borrowing |